000 005770000a22001810004500
003 MACL
005 20160525154707.0
008 160525b xxu||||| |||| 00| 0 eng d
040 _aMACL
_cMACL
041 _aHindi
082 _a891.433
100 _aधूमकेतु
_959506
245 _aसम्राट चन्‍द्रगुप्‍त
_cधूमकेतु
260 _bसुरेन्‍द्र कुमार एण्‍ड संस
_c2002
_aदिल्‍ली
350 _a200
650 _aNovel
_959507
942 _cHIN
_k800/DHU/N
_2ddc
999 _c9231
_d9231